00589naa#a2200181#i#4500001001600000005001700016011001400033100004100047101000800088102000700096200008700103210005800190215001000248608002700258675007200285700003000357856002000387EN\\bibl\12200520260606165600.6##a2500-1795##a20260525b2026####ek#y0engy0150####ca0#aENG##aRU1#aLITERARY APHORISMS AS A MEANS OF FOREGROUNDING IN A LITERARY TEXTeJournal article1#aNizhnevartovskcNizhnevartovsk State Universityd2026##a7 с.##aJournal article2local##aЛингвистика. Языкознание. Языки. 81zENG#1aRakhimovagGulchekhra O. 4#avestnik.nvsu.ru